<?xml version="1.0" encoding="UTF-8"?>
<record
    xmlns:xsi="http://www.w3.org/2001/XMLSchema-instance"
    xsi:schemaLocation="http://www.loc.gov/MARC21/slim http://www.loc.gov/standards/marcxml/schema/MARC21slim.xsd"
    xmlns="http://www.loc.gov/MARC21/slim">

  <leader>01209nam a22002897a 4500</leader>
  <controlfield tag="005">20240530110546.0</controlfield>
  <controlfield tag="008">160117s2013    ua ao  g b    000 0 ara d</controlfield>
  <datafield tag="017" ind1=" " ind2=" ">
    <subfield code="a">2012/10655</subfield>
    <subfield code="b">&#x645;&#x635;&#x631; . &#x62F;&#x627;&#x631; &#x627;&#x644;&#x643;&#x62A;&#x628; &#x627;&#x644;&#x645;&#x635;&#x631;&#x64A;&#x629;</subfield>
  </datafield>
  <datafield tag="020" ind1=" " ind2=" ">
    <subfield code="a">9789774382995</subfield>
  </datafield>
  <datafield tag="040" ind1=" " ind2=" ">
    <subfield code="a">EG-CaGPL</subfield>
  </datafield>
  <datafield tag="082" ind1="0" ind2="4">
    <subfield code="2">21</subfield>
    <subfield code="a">551.48\</subfield>
    <subfield code="b">&#x631; &#x645;</subfield>
  </datafield>
  <datafield tag="100" ind1="0" ind2=" ">
    <subfield code="a">&#x631;&#x627;&#x626;&#x62F; &#x631;&#x627;&#x643;&#x627;&#x646; &#x642;&#x627;&#x633;&#x645; &#x627;&#x644;&#x62C;&#x648;&#x627;&#x631;&#x649;</subfield>
  </datafield>
  <datafield tag="245" ind1="1" ind2="2">
    <subfield code="a">&#x627;&#x644;&#x645;&#x627;&#x621; &#x648; &#x627;&#x644;&#x627;&#x631;&#x636; &#x648; &#x627;&#x644;&#x62D;&#x64A;&#x627;&#x629; &#x628;&#x64A;&#x646; &#x627;&#x644;&#x627;&#x639;&#x62C;&#x627;&#x632; &#x627;&#x644;&#x639;&#x644;&#x645;&#x649; &#x641;&#x649; &#x627;&#x644;&#x642;&#x631;&#x627;&#x646; &#x627;&#x644;&#x643;&#x631;&#x64A;&#x645; &#x648; &#x627;&#x644;&#x645;&#x639;&#x627;&#x631;&#x641; &#x627;&#x644;&#x62C;&#x63A;&#x631;&#x627;&#x641;&#x64A;&#x629; &#x627;&#x644;&#x62D;&#x62F;&#x64A;&#x62B;&#x629; :</subfield>
    <subfield code="b">( &#x62F;&#x631;&#x627;&#x633;&#x629; &#x645;&#x642;&#x627;&#x631;&#x646;&#x629; &#x641;&#x649; &#x627;&#x644;&#x641;&#x643;&#x631; &#x627;&#x644;&#x62C;&#x63A;&#x631;&#x627;&#x641;&#x649; ) /</subfield>
    <subfield code="c">&#x62A;&#x627;&#x644;&#x64A;&#x641; &#x631;&#x627;&#x626;&#x62F; &#x631;&#x627;&#x643;&#x627;&#x646; &#x642;&#x627;&#x633;&#x645; &#x627;&#x644;&#x62C;&#x648;&#x627;&#x631;&#x649;</subfield>
  </datafield>
  <datafield tag="250" ind1=" " ind2=" ">
    <subfield code="a">&#x637;1</subfield>
  </datafield>
  <datafield tag="260" ind1=" " ind2=" ">
    <subfield code="a">&#x627;&#x644;&#x627;&#x633;&#x643;&#x646;&#x62F;&#x631;&#x64A;&#x629; :</subfield>
    <subfield code="b">&#x627;&#x644;&#x645;&#x643;&#x62A;&#x628; &#x627;&#x644;&#x62C;&#x627;&#x645;&#x639;&#x649; &#x627;&#x644;&#x62D;&#x62F;&#x64A;&#x62B; &#x60C;</subfield>
    <subfield code="c">2013 .</subfield>
  </datafield>
  <datafield tag="300" ind1=" " ind2=" ">
    <subfield code="a">288 &#x635; :</subfield>
    <subfield code="b">&#x635;&#x648;&#x631; &#x61B;</subfield>
    <subfield code="e">24 &#x633;&#x645; .</subfield>
  </datafield>
  <datafield tag="504" ind1=" " ind2=" ">
    <subfield code="a">&#x64A;&#x634;&#x62A;&#x645;&#x644; &#x639;&#x644;&#x649; &#x627;&#x631;&#x62C;&#x627;&#x639;&#x627;&#x62A; &#x628;&#x628;&#x644;&#x64A;&#x648;&#x62C;&#x631;&#x627;&#x641;&#x64A;&#x629;</subfield>
  </datafield>
  <datafield tag="650" ind1="0" ind2="4">
    <subfield code="a">&#x627;&#x644;&#x645;&#x646;&#x627;&#x62E;</subfield>
  </datafield>
  <datafield tag="650" ind1="0" ind2="4">
    <subfield code="a">&#x627;&#x644;&#x627;&#x631;&#x636;</subfield>
  </datafield>
  <datafield tag="650" ind1="0" ind2="4">
    <subfield code="a">&#x627;&#x644;&#x637;&#x642;&#x633;</subfield>
  </datafield>
  <datafield tag="650" ind1="0" ind2="4">
    <subfield code="a">&#x627;&#x644;&#x627;&#x639;&#x62C;&#x627;&#x632; &#x627;&#x644;&#x639;&#x644;&#x645;&#x649; &#x644;&#x644;&#x642;&#x631;&#x627;&#x646;</subfield>
  </datafield>
  <datafield tag="650" ind1="0" ind2="4">
    <subfield code="a">&#x627;&#x644;&#x627;&#x645;&#x637;&#x627;&#x631;</subfield>
  </datafield>
  <datafield tag="650" ind1="0" ind2="4">
    <subfield code="a">&#x627;&#x644;&#x645;&#x627;&#x621;</subfield>
  </datafield>
  <datafield tag="650" ind1="0" ind2="4">
    <subfield code="a">&#x627;&#x644;&#x627;&#x62D;&#x632;&#x645;&#x629; &#x627;&#x644;&#x645;&#x646;&#x627;&#x62E;&#x64A;&#x629;</subfield>
  </datafield>
  <datafield tag="942" ind1=" " ind2=" ">
    <subfield code="2">ddc</subfield>
    <subfield code="c">BK</subfield>
  </datafield>
  <datafield tag="999" ind1=" " ind2=" ">
    <subfield code="c">62354</subfield>
    <subfield code="d">62354</subfield>
  </datafield>
  <datafield tag="952" ind1=" " ind2=" ">
    <subfield code="0">0</subfield>
    <subfield code="1">0</subfield>
    <subfield code="4">0</subfield>
    <subfield code="7">0</subfield>
    <subfield code="a">CAI</subfield>
    <subfield code="b">CAI</subfield>
    <subfield code="d">2016-05-28</subfield>
    <subfield code="l">0</subfield>
    <subfield code="o">551.48\ &#x631; &#x645;</subfield>
    <subfield code="p">162044</subfield>
    <subfield code="r">2016-05-28 00:00:00</subfield>
    <subfield code="w">2016-05-28</subfield>
    <subfield code="y">BK</subfield>
  </datafield>
</record>
